000
00270nam a22001097a 4500
008
170118b xxu||||| |||| 00| 0 eng d
020
_a
9781582554488
041
_a
eng
080
_a
618.2
245
_a
PSYCHIATRIC & MENTAL HEALTH NURSING
_c
SCHILLING, J.A
942
_2
udc
_c
BK
999
_c
3121
_d
3121